Macromedia flashMX : object oriented programming [OOP] environment [

Bibliographic Details
Main Author: Rosli Ab Ghani
Format: Book
Published: Batu Caves : Venton Publishing , 2003
Edition:Siri 1 ; Asas
Subjects:

MARC

LEADER 00000cam a2200000 7i4500
001 0000019675
005 20071102.0
020 |a 9832661242 
040 |a INS 
090 0 0 |a CD 277 
100 1 |a Rosli Ab Ghani 
245 1 0 |a Macromedia flashMX :   |b object oriented programming [OOP] environment [  |h electronic resources] :   |b Macromedia flashMX :   |b pengaturcaraan berorientasikan objek   |c Rosli Ab Ghani 
250 |a Siri 1 ; Asas 
260 |a Batu Caves :   |b Venton Publishing ,   |c 2003 
300 |a 1 computer opical disc :   |b ill. sd. col. ;   |c 4 3/4 in. 
650 0 0 |a Actionscript (Computer program language) 
650 0 0 |a Flash (Computer file) 
650 0 0 |a Object-oriented programming (Computer science) 
740 0 |a Macromedia flashMX : pengaturcaraan berorientasikan objek 
999 |a CD00000277   |b CD-ROM   |c Media Collection   |e Default branch 
999 |a CD00000628   |b CD-ROM   |c Media Collection   |e Default branch